Datum a čas kvízu
27.5
Celkem bodů
Celkový počet nahraných bodů na tomto kvízu bez doplňovacích otázek.
7.
Pořadí na kvízu
Konečné umístění týmu na tomto kvízu.
Zaznamenané odpovědi
| # | Otázka | Odpověď | Body | Výsledky |
|---|---|---|---|---|
| 1. | Předseda vlády Petr Fiala se p... | o klimatu | 1 | |
| 2. | Skupina filmařů minulý týden p... | raketoplánu Challenger | 0 | |
| 3. | Minulý týden bylo oznámeno, že... | Anděl Páně | 1 | |
| 4. | V pondělí vzali zákazníci útok... | o vejce | 1 | |
| 5. | V pondělí náš ženský tenisový... | Barbora Krejčíková, Kateřina Siniaková | 1 | |
| 6. | V první otázce věnované slavný... | Zrzečka | 1 | |
| 7. | Který hlodavec je obsažen v čí... | krysa | 1 | |
| 8. | Tento krysák, hlavní hrdina fi... | Remy | 0 | |
| 9. | Jak se dvouslovně jmenuje tato... | Krysí smrť | 0 | |
| 10. | Téma zakončíme v mytologii, a... | veverka | 0 |